000 00695cam a2200229 a 4500
001 12449
003 BD-RjUL
005 20211208235309.0
008 140128s19631958ukka 000 0 eng d
035 _a(BD-RjUL)12498
040 _a2509
_beng
_c2509
_dBD-RjUL
041 _aeng
082 0 0 _a591.5
_bDUE 1963
100 1 _aDurrell, Gerald,
_d1925-1995.
_938721
245 1 0 _aEncounters with animals /
_cwith illustrations by Ralph Thompson.
260 _aLondon :
_bHart-Davis,
_cc1958 [Impression 1963].
300 _a187p. :
_billus. ;
_c22 cm.
650 0 _aAnimal behavior.
_95684
650 0 _aAnimals
_xFolklore.
_938722
700 1 _aThompson, Ralph,
_d1913-2009.
_938723
942 _2ddc
_cBK
999 _c12449
_d12449